| 000 | 01544cam a22002654a 4500 | ||
|---|---|---|---|
| 001 | 16287093 | ||
| 003 | NUST | ||
| 005 | 20221117102918.0 | ||
| 008 | 100616s2011 enka b 001 0 eng | ||
| 010 | _a 2010025730 | ||
| 020 | _a9780470844724 (hardback) | ||
| 020 | _a9780470844731 (hbk.) | ||
| 082 | 0 | 0 | _a621.367,SOL |
| 100 | 1 |
_aSolomon, Chris. _9102769 |
|
| 245 | 1 | 0 |
_aFundamentals of digital image processing : _ba practical approach with examples in Matlab / _cChris Solomon, Toby Breckon. |
| 260 |
_aChichester, West Sussex ; _aHoboken, NJ : _bWiley-Blackwell, _c2011. |
||
| 300 |
_axiv, 328 p. : _bill. ; _c25 cm. |
||
| 505 | _aRepresntation (Page-1), Formation (Page-21), Pixels (Page-49), Enhancement (Page-85), Fourier trasforms and frequency domain (Page-113), Image restoration (Page-141), Geometry (Page-169), Morphological processing (Page-197), Features (Page-235), Image segmentation (Page-263), Classification (Page-291). | ||
| 520 |
_a"Fundamentals of Digital Image Processing is an introductory text on the science of image processing and employs the Matlab programming language to illustrate some of the elementary, key concepts in modern image processing and pattern recognition drawing on specific examples from within science, medicine and electronics"-- _cProvided by publisher. |
||
| 630 | 0 | 0 | _aMATLAB. |
| 650 | 0 |
_aImage processing _xDigital techniques. _9673 |
|
| 700 | 1 |
_aBreckon, Toby. _9102770 |
|
| 856 | 4 | 2 |
_3Cover image _uhttp://catalogimages.wiley.com/images/db/jimages/9780470844724.jpg |
| 942 |
_2ddc _cBK |
||
| 999 |
_c592336 _d592336 |
||